<?xml version="1.0" encoding="UTF-8"?>
<record
    xmlns:xsi="http://www.w3.org/2001/XMLSchema-instance"
    xsi:schemaLocation="http://www.loc.gov/MARC21/slim http://www.loc.gov/standards/marcxml/schema/MARC21slim.xsd"
    xmlns="http://www.loc.gov/MARC21/slim">

  <leader>00676nam a22001577a 4500</leader>
  <controlfield tag="003">OSt</controlfield>
  <controlfield tag="005">20151002161820.0</controlfield>
  <controlfield tag="008">151002b        xxu||||| |||| 00| 0 eng d</controlfield>
  <datafield tag="040" ind1=" " ind2=" ">
    <subfield code="c">RUA </subfield>
  </datafield>
  <datafield tag="082" ind1=" " ind2=" ">
    <subfield code="a">AVM KEO 1995 B069 Or.1</subfield>
  </datafield>
  <datafield tag="100" ind1=" " ind2=" ">
    <subfield code="9">1806</subfield>
    <subfield code="a">KEO KOSAL </subfield>
  </datafield>
  <datafield tag="245" ind1=" " ind2=" ">
    <subfield code="a">Occurance of diseased animals in tapon commune , related to village vaterinarian programme, (&#x179F;&#x178F;&#x17D2;&#x179C;&#x1788;&#x17BA;&#x1780;&#x17D2;&#x1793;&#x17BB;&#x1784;&#x1783;&#x17BB;&#x17C6;&#x178F;&#x17B6;&#x1794;&#x17C9;&#x17BB;&#x1793; &#x178A;&#x17C2;&#x179B;&#x1798;&#x17B6;&#x1793;&#x1791;&#x17C6;&#x1793;&#x17B6;&#x1780;&#x17CB;&#x1791;&#x17C6;&#x1793;&#x1784;&#x1791;&#x17C5;&#x1793;&#x17B9;&#x1784; &#x179C;&#x178F;&#x17D2;&#x178F;&#x1798;&#x17B6;&#x1793;&#x179A;&#x1794;&#x179F;&#x17CB;&#x1780;&#x1798;&#x17D2;&#x1798;&#x179C;&#x17B7;&#x1792;&#x17B8;&#x1796;&#x17C1;&#x1791;&#x17D2;&#x1799;&#x179F;&#x178F;&#x17D2;&#x179C;&#x1797;&#x17BC;&#x1798;&#x17B7;)</subfield>
  </datafield>
  <datafield tag="260" ind1=" " ind2=" ">
    <subfield code="a">phnom penh </subfield>
    <subfield code="b">RUA </subfield>
    <subfield code="c">1995 </subfield>
  </datafield>
  <datafield tag="300" ind1=" " ind2=" ">
    <subfield code="a">37p.</subfield>
    <subfield code="b">ill.</subfield>
    <subfield code="c">29cm.</subfield>
  </datafield>
  <datafield tag="942" ind1=" " ind2=" ">
    <subfield code="2">ddc</subfield>
    <subfield code="c">AVM</subfield>
  </datafield>
  <datafield tag="999" ind1=" " ind2=" ">
    <subfield code="c">1706</subfield>
    <subfield code="d">1706</subfield>
  </datafield>
  <datafield tag="952" ind1=" " ind2=" ">
    <subfield code="0">0</subfield>
    <subfield code="1">0</subfield>
    <subfield code="2">ddc</subfield>
    <subfield code="4">0</subfield>
    <subfield code="6">AVM_KEO_1995_000000000000000_B069_OR_1</subfield>
    <subfield code="7">0</subfield>
    <subfield code="9">7393</subfield>
    <subfield code="a">LBB</subfield>
    <subfield code="b">LBB</subfield>
    <subfield code="c">B069</subfield>
    <subfield code="d">2015-10-02</subfield>
    <subfield code="o">AVM KEO 1995 B069 Or.1</subfield>
    <subfield code="p">RUA008335</subfield>
    <subfield code="r">2015-10-02</subfield>
    <subfield code="w">2015-10-02</subfield>
    <subfield code="y">AVM</subfield>
  </datafield>
  <datafield tag="952" ind1=" " ind2=" ">
    <subfield code="0">0</subfield>
    <subfield code="1">0</subfield>
    <subfield code="2">ddc</subfield>
    <subfield code="4">0</subfield>
    <subfield code="6">AVM_KEO_1995_000000000000000_B069_OR_2</subfield>
    <subfield code="7">0</subfield>
    <subfield code="9">7394</subfield>
    <subfield code="a">LBB</subfield>
    <subfield code="b">LBB</subfield>
    <subfield code="c">B069</subfield>
    <subfield code="d">2015-10-02</subfield>
    <subfield code="l">1</subfield>
    <subfield code="o">AVM KEO 1995 B069 Or.2</subfield>
    <subfield code="p">RUA007267</subfield>
    <subfield code="r">2016-10-26</subfield>
    <subfield code="s">2016-10-25</subfield>
    <subfield code="w">2015-10-02</subfield>
    <subfield code="y">AVM</subfield>
  </datafield>
  <datafield tag="952" ind1=" " ind2=" ">
    <subfield code="0">0</subfield>
    <subfield code="1">0</subfield>
    <subfield code="2">ddc</subfield>
    <subfield code="4">0</subfield>
    <subfield code="6">AVM_KEO_1995_000000000000000_B069_OR_3</subfield>
    <subfield code="7">0</subfield>
    <subfield code="9">7395</subfield>
    <subfield code="a">LBB</subfield>
    <subfield code="b">LBB</subfield>
    <subfield code="d">2015-10-02</subfield>
    <subfield code="o">AVM KEO 1995 B069 Or.3</subfield>
    <subfield code="p">RUA007195</subfield>
    <subfield code="r">2015-10-02</subfield>
    <subfield code="w">2015-10-02</subfield>
    <subfield code="y">AVM</subfield>
  </datafield>
</record>
